000 004910000a22001930004500
020 _a84-285-0801-1
041 0 _aSPA
082 0 4 _aG 268.432 E184e
100 1 _aEchevarria, Francisco
245 1 0 _aEmpezamos a caminar / Francisco Echevarria...[et. al.]
250 _a18
260 _aMadrid, España : Paulinas
300 _a100 Pag
001 7923
942 _cBK
999 _c38123
_d38123
336 _atexto
_btxt
_2rdacontent
337 _2rdamedia
_asin mediación
_bn
338 _2rdacarrier
_avolumen
_bnc